| 000 | 00610nam a2200193Ia 4500 | ||
|---|---|---|---|
| 003 | IN-BaIIA | ||
| 008 | 211028s9999 xx 000 0 eng d | ||
| 020 | _a81-900539-0-6 | ||
| 040 | _cIIA Library | ||
| 080 |
_a63(548) _bMAT |
||
| 100 |
_aMatthew, K. M _929283 |
||
| 245 | 2 |
_aA handbook of the Anglade Institute of natural history, Shembaganur _cK. M. Matthew |
|
| 260 |
_aTiruchirapalli _bThe Rapinat Herbarium _c1994 |
||
| 300 | _ax, 155p. | ||
| 650 |
_aKodiaikonal _929284 |
||
| 650 |
_aNatural History _919010 |
||
| 650 |
_aShembaganur _929285 |
||
| 942 | _cBK | ||
| 999 |
_c15886 _d15886 |
||